<?xml version="1.0" encoding="UTF-8"?><?xml-stylesheet type="text/xsl" href="static/style.xsl"?><OAI-PMH xmlns="http://www.openarchives.org/OAI/2.0/" xmlns:xsi="http://www.w3.org/2001/XMLSchema-instance" xsi:schemaLocation="http://www.openarchives.org/OAI/2.0/ http://www.openarchives.org/OAI/2.0/OAI-PMH.xsd"><responseDate>2026-06-05T15:51:31Z</responseDate><request verb="GetRecord" identifier="oai:riuma.uma.es:10630/26445" metadataPrefix="marc">https://riuma.uma.es/rest/oai/request</request><GetRecord><record><header><identifier>oai:riuma.uma.es:10630/26445</identifier><datestamp>2026-02-03T10:56:35Z</datestamp><setSpec>com_10630_2254</setSpec><setSpec>col_10630_37953</setSpec></header><metadata><record xmlns="http://www.loc.gov/MARC21/slim" xmlns:dcterms="http://purl.org/dc/terms/" xmlns:doc="http://www.lyncode.com/xoai" xmlns:xsi="http://www.w3.org/2001/XMLSchema-instance" xsi:schemaLocation="http://www.loc.gov/MARC21/slim http://www.loc.gov/standards/marcxml/schema/MARC21slim.xsd">
   <leader>00925njm 22002777a 4500</leader>
   <datafield ind2=" " ind1=" " tag="042">
      <subfield code="a">dc</subfield>
   </datafield>
   <datafield ind2=" " ind1=" " tag="720">
      <subfield code="a">Mañas-Padilla, María del Carmen</subfield>
      <subfield code="e">author</subfield>
   </datafield>
   <datafield ind2=" " ind1=" " tag="720">
      <subfield code="a">Melgar-Locatelli, Sonia</subfield>
      <subfield code="e">author</subfield>
   </datafield>
   <datafield ind2=" " ind1=" " tag="720">
      <subfield code="a">Vicente, Lucía</subfield>
      <subfield code="e">author</subfield>
   </datafield>
   <datafield ind2=" " ind1=" " tag="720">
      <subfield code="a">Gil-Rodríguez, Sara</subfield>
      <subfield code="e">author</subfield>
   </datafield>
   <datafield ind2=" " ind1=" " tag="720">
      <subfield code="a">Rivera-González, Patricia</subfield>
      <subfield code="e">author</subfield>
   </datafield>
   <datafield ind2=" " ind1=" " tag="720">
      <subfield code="a">Rodríguez-Pérez, Celia</subfield>
      <subfield code="e">author</subfield>
   </datafield>
   <datafield ind2=" " ind1=" " tag="720">
      <subfield code="a">Castilla-Ortega, María Estela</subfield>
      <subfield code="e">author</subfield>
   </datafield>
   <datafield ind2=" " ind1=" " tag="260">
      <subfield code="c">2022-12-14</subfield>
   </datafield>
   <datafield ind2=" " ind1=" " tag="520">
      <subfield code="a">Intrinsic exploratory biases are an innate motivation for exploring certain types of stimuli or environments over others, and they may be associated with cognitive, emotional, and even personality-like traits. However, their neurobiological basis has been scarcely investigated. Considering the involvement of the hippocampus in novelty recognition and in spatial and pattern separation tasks, this work researched the role of adult hippocampal neurogenesis (AHN) in intrinsic exploratory bias for a perceptually complex object in mice. Spontaneous object preference tasks revealed that both male and female C57BL/6J mice showed a consistent unconditioned preference for exploring “complex”—irregular—objects over simpler ones. Furthermore, increasing objects’ complexity resulted in an augmented time of object exploration. In a different experiment, male mice received either vehicle or the DNA alkylating agent temozolomide (TMZ) for 4 weeks, a pharmacological treatment that reduced AHN as evidenced by immunohistochemistry. After assessment in a behavioral test battery, the TMZ-treated mice did not show any alterations in general exploratory and anxiety-like responses. However, when tested in the spontaneous object preference task, the TMZ-treated mice did not display enhanced exploration of the complex object, as evidenced both by a reduced exploration time—specifically for the complex object—and a lack of preference for the complex object over the simple one. This study supports a novel role of AHN in intrinsic exploratory bias for perceptual complexity. Moreover, the spontaneous complex object preference task as a rodent model of “curiosity” is discussed.</subfield>
   </datafield>
   <datafield ind1="8" ind2=" " tag="024">
      <subfield code="a">Mañas‐Padilla, M. C., Melgar‐Locatelli, S., Vicente, L., Gil‐Rodríguez, S., Rivera, P., Rodríguez‐Pérez, C., &amp; Castilla‐Ortega, E. (2023). Temozolomide treatment inhibits spontaneous motivation for exploring a complex object in mice: A potential role of adult hippocampal neurogenesis in “curiosity”. Journal of Comparative Neurology, 531(4), 548-560.</subfield>
   </datafield>
   <datafield ind1="8" ind2=" " tag="024">
      <subfield code="a">https://hdl.handle.net/10630/26445</subfield>
   </datafield>
   <datafield ind1="8" ind2=" " tag="024">
      <subfield code="a">https://doi.org/10.1002/cne.25442</subfield>
   </datafield>
   <datafield tag="653" ind2=" " ind1=" ">
      <subfield code="a">Neurobiología del desarrollo</subfield>
   </datafield>
   <datafield tag="653" ind2=" " ind1=" ">
      <subfield code="a">Curiosidad (Psicología)</subfield>
   </datafield>
   <datafield ind2="0" ind1="0" tag="245">
      <subfield code="a">Temozolomide treatment inhibits spontaneous motivation for exploring a complex object in mice: a potential role of adult hippocampal neurogenesis in ‘curiosity’.</subfield>
   </datafield>
</record>
</metadata></record></GetRecord></OAI-PMH>